Liony i liardy do centyliarda - Statystyki

Ogólne statystyki
  • Ten quiz został rozwiązany 22 razy
    9 od ostatniego zresetowania
  • Średni wynik to 16 z 202
Statystyki odpowiedzi
Potęga Liczba % Poprawnych
10^6 Milion
100%
10^12 Bilion
83%
10^9 Miliard
83%
10^21 Tryliard
83%
10^15 Biliard
67%
10^63 Decyliard
67%
10^60 Decylion
67%
10^51 Oktyliard
67%
10^48 Oktylion
67%
10^18 Trylion
67%
10^603 Centyliard
50%
10^27 Kwadryliard
50%
10^24 Kwadrylion
50%
10^57 Nonyliard
50%
10^54 Nonylion
50%
10^36 Sekstylion
50%
10^45 Septyliard
50%
10^42 Septylion
50%
10^600 Centylion
33%
10^75 Duodecyliard
33%
10^72 Duodecylion
33%
10^33 Kwintyliard
33%
10^30 Kwintylion
33%
10^39 Sekstyliard
33%
10^100 Googol
17%
10^447 Kwattuorseptuagintyliard
17%
10^444 Kwattuorseptuagintylion
17%
10^300 Kwinkwagintylion
17%
10^483 Oktogintyliard
17%
10^480 Oktogintylion
17%
10^531 Oktooktogintyliard
17%
10^528 Oktooktogintylion
17%
10^81 Tredecyliard
17%
10^78 Tredecylion
17%
10^69 Undecyliard
17%
10^66 Undecylion
17%
10^255 Duokwadragintyliard
0%
10^252 Duokwadragintylion
0%
10^315 Duokwinkwagintyliard
0%
10^312 Duokwinkwagintylion
0%
10^555 Duononagintyliard
0%
10^552 Duononagintylion
0%
10^495 Duooktogintyliard
0%
10^492 Duooktogintylion
0%
10^375 Duoseksagintyliard
0%
10^372 Duoseksagintylion
0%
10^435 Duoseptuagintyliard
0%
10^432 Duoseptuagintylion
0%
10^195 Duotrygintyliard
0%
10^192 Duotrygintylion
0%
10^135 Duowigintyliard
0%
10^132 Duowigintylion
0%
10^500 Googolding
0%
10^243 Kwadragintyliard
0%
10^240 Kwadragintylion
0%
10^87 Kwattuordecyliard
0%
10^84 Kwattuordecylion
0%
10^267 Kwattuorkwadragintyliard
0%
10^264 Kwattuorkwadragintylion
0%
10^327 Kwattuorkwinkwagintyliard
0%
10^324 Kwattuorkwinkwagintylion
0%
10^567 Kwattuornonagintyliard
0%
10^564 Kwattuornonagintylion
0%
10^507 Kwattuoroktogintyliard
0%
10^504 Kwattuoroktogintylion
0%
10^387 Kwattuorseksagintyliard
0%
10^384 Kwattuorseksagintylion
0%
10^207 Kwattuortrygintyliard
0%
10^204 Kwattuortrygintylion
0%
10^147 Kwattuorwigintyliard
0%
10^144 Kwattuorwigintylion
0%
10^93 Kwindecyliard
0%
10^90 Kwindecylion
0%
10^273 Kwinkwadragintyliard
0%
10^270 Kwinkwadragintylion
0%
10^303 Kwinkwagintyliard
0%
10^333 Kwinkwinkwagintyliard
0%
10^330 Kwinkwinkwagintylion
0%
10^573 Kwinnonagintyliard
0%
10^570 Kwinnonagintylion
0%
10^513 Kwinoktogintyliard
0%
10^510 Kwinoktogintylion
0%
10^393 Kwinseksagintyliard
0%
10^390 Kwinseksagintylion
0%
10^453 Kwinseptuagintyliard
0%
10^450 Kwinseptuagintylion
0%
10^213 Kwintrygintyliard
0%
10^210 Kwintrygintylion
0%
10^153 Kwinwigintyliard
0%
10^150 Kwinwigintylion
0%
10^543 Nonagintyliard
0%
10^540 Nonagintylion
0%
10^117 Nowemdecyliard
0%
10^114 Nowemdecylion
0%
10^537 Nowemoktogintyliard
0%
10^534 Nowemoktogintylion
0%
10^177 Nowemwigintyliard
0%
10^174 Nowemwigintylion
0%
10^297 Nowenkwadragintyliard
0%
10^294 Nowenkwadragintylion
0%
10^357 Nowenkwinkwagintyliard
0%
10^354 Nowenkwinkwagintylion
0%
10^597 Nowenonagintyliard
0%
10^594 Nowenonagintylion
0%
10^417 Nowenseksagintyliard
0%
10^414 Nowenseksagintylion
0%
10^477 Nowenseptuagintyliard
0%
10^474 Nowenseptuagintylion
0%
10^237 Nowentrygintyliard
0%
10^234 Nowentrygintylion
0%
10^111 Oktodecyliard
0%
10^108 Oktodecylion
0%
10^291 Oktokwadragintyliard
0%
10^288 Oktokwadragintylion
0%
10^351 Oktokwinkwagintyliard
0%
10^348 Oktokwinkwagintylion
0%
10^591 Oktononagintyliard
0%
10^588 Oktononagintylion
0%
10^411 Oktoseksagintyliard
0%
10^408 Oktoseksagintylion
0%
10^471 Oktoseptuagintyliard
0%
10^468 Oktoseptuagintylion
0%
10^231 Oktotrygintyliard
0%
10^228 Oktotrygintylion
0%
10^171 Oktowigintyliard
0%
10^168 Oktowigintylion
0%
10^363 Seksagintyliard
0%
10^360 Seksagintylion
0%
10^99 Seksdecyliard
0%
10^96 Seksdecylion
0%
10^579 Seksnonagintyliard
0%
10^576 Seksnonagintylion
0%
10^519 Seksoktogintyliard
0%
10^516 Seksoktogintylion
0%
10^525 Septemoktogintyliard
0%
10^522 Septemoktogintylion
0%
10^165 Septemwigintyliard
0%
10^162 Septemwigintylion
0%
10^105 Septendecyliard
0%
10^102 Septendecylion
0%
10^285 Septenkwadragintyliard
0%
10^282 Septenkwadragintylion
0%
10^345 Septenkwinkwagintyliard
0%
10^342 Septenkwinkwagintylion
0%
10^585 Septenonagintyliard
0%
10^582 Septenonagintylion
0%
10^405 Septenseksagintyliard
0%
10^402 Septenseksagintylion
0%
10^465 Septenseptuagintyliard
0%
10^462 Septenseptuagintylion
0%
10^225 Septentrygintyliard
0%
10^222 Septentrygintylion
0%
10^423 Septuagintyliard
0%
10^420 Septuagintylion
0%
10^399 Seseksagintyliard
0%
10^396 Seseksagintylion
0%
10^459 Seseptuagintyliard
0%
10^456 Seseptuagintylion
0%
10^279 Seskwadragintyliard
0%
10^276 Seskwadragintylion
0%
10^339 Seskwinkwagintyliard
0%
10^336 Seskwinkwagintylion
0%
10^219 Sestrygintyliard
0%
10^216 Sestrygintylion
0%
10^159 Seswigintyliard
0%
10^156 Seswigintylion
0%
10^381 Treseksagintyliard
0%
10^378 Treseksagintylion
0%
10^441 Treseptuagintyliard
0%
10^438 Treseptuagintylion
0%
10^261 Treskwadragintyliard
0%
10^258 Treskwadragintylion
0%
10^321 Treskwinkwagintyliard
0%
10^318 Treskwinkwagintylion
0%
10^561 Tresnonagintyliard
0%
10^558 Tresnonagintylion
0%
10^501 Tresoktogintyliard
0%
10^498 Tresoktogintylion
0%
10^201 Trestrygintyliard
0%
10^198 Trestrygintylion
0%
10^141 Treswigintyliard
0%
10^138 Treswigintylion
0%
10^183 Trygintyliard
0%
10^180 Trygintylion
0%
10^249 Unkwadragintyliard
0%
10^246 Unkwadragintylion
0%
10^309 Unkwinkwagintyliard
0%
10^306 Unkwinkwagintylion
0%
10^549 Unnonagintyliard
0%
10^546 Unnonagintylion
0%
10^489 Unoktogintyliard
0%
10^486 Unoktogintylion
0%
10^369 Unseksagintyliard
0%
10^366 Unseksagintylion
0%
10^429 Unseptuagintyliard
0%
10^426 Unseptuagintylion
0%
10^189 Untrygintyliard
0%
10^186 Untrygintylion
0%
10^129 Unwigintyliard
0%
10^126 Unwigintylion
0%
10^123 Wigintyliard
0%
10^120 Wigintylion
0%
Nie znaleziono quizów pasujących do podanych kryteriów
Rozkład punktacji
Procent ludzi z każdym wynikiem
Percentyl według liczby udzielonych odpowiedzi
Twoja historia wyników
Nie rozwiązałeś tego quizu od ostatniego zresetowania